000
00304nam a2200121Ia 4500
005
20260328101447.0
008
260328s9999||||xx |||||||||||||| ||und||
100
_a
Gabay, Neil
245
0
_a
Modern painters :
_b
An art appreciation /
_c
Neil Gabay
260
_b
Nina Books
650
_a
PINTURA
942
_c
BK
999
_c
8494
_d
8494